| 000 | 00539nam a22001577a 4500 | ||
|---|---|---|---|
| 003 | OSt | ||
| 005 | 20260618072133.0 | ||
| 008 | 260618b |||||||| |||| 00| 0 eng d | ||
| 024 | _aMEP/6005/2021 | ||
| 040 | _cRongo university | ||
| 050 |
_aLB 1062 _b.A36 2025 |
||
| 100 | _aAdongo Beatrice Achieng. | ||
| 245 | _aPsychological Factors Influencing Boy Child Academic Performance in English Language In KCSE in Mixed Day Secondary Schools in Awendo Sub -County,Kenya. | ||
| 260 |
_aRongo,Kenya _bRongo University _c2025 |
||
| 942 |
_2lcc _cTH |
||
| 999 |
_c266361 _d266360 |
||